000 00847nam a2200205Ia 4500
005 20240530102935.0
008 140319s1992 xx 000 0 ara d
040 _aGCL /
_cGCL
082 0 4 _a657.8350 /
_bم ف
100 _aمحمد السيد سرايا
245 1 0 _aفى المحاسبة الحكومية والقومية :
_bدراسات نظرية وتطبيقية /
_cتاليف محمد السيد سرايا ، فؤاد السيد المليجى
260 _aالاسكندرية :
_bمؤسسة شباب الجامعة ،
_c1992
300 _a223 ص ؛
_c24 سم
650 0 4 _aالمحاسبة
650 0 4 _aالمحاسبة الحكومية
650 0 4 _aالمحاسبة القومية
700 _aفؤاد السيد المليجى
_eمؤلف مشارك
942 _2ddc
_cBK
999 _c35527
_d35527